000 00648cam a22002172 4500
001 0000004619
005 20151217145818.0
008 070525s xx 000 0 eng d
020 _a0198546408 :
_cKES 4,208
040 _aKABU
_cKABU
050 0 _aQH366.2
_b.H37
100 1 _aHarvey, Paul H.
_@0000155266
245 1 4 _aThe Comparative methods in evolutionary biology. /
_cPaul H. Harvey, Mark D. Pagel.
260 _aOxford :
_bOUP,
_c1991.
300 _aviii, 239 p.
650 0 _aEvolution.
_@0000155261
700 1 _aPagel, Mark D.
_@0000155267
908 _a070525
950 _@1
999 _c2823
_d2823